| 000 | 01758nam a2200445 a 4500 | ||
|---|---|---|---|
| 001 | vtls000051335 | ||
| 003 | NLI | ||
| 005 | 20210601190350.0 | ||
| 008 | 101125s1965 ii abdf f000 0 eng | ||
| 020 | _cRs. 3.45 np. | ||
| 039 | 9 |
_y201011250503 _zVLOAD |
|
| 040 | 0 |
_aNLI _beng _cVERGIS-2003 |
|
| 041 | 0 | _aeng | |
| 044 | _aii | ||
| 082 | 0 | 4 | _a312 |
| 110 | 1 |
_aUttar Pradesh (India) _bSuperintendent of Census Operations |
|
| 240 | 1 | 0 | _a[Census of India, 1961] |
| 245 | 1 | 0 |
_aVillage survey monograph, no.13, village Sadharansar (tahsil Deoband, district Saharanpur) pt.6, no.13: _bvol.15, Uttar Pradesh/ _cSuperintendent of Census Operations, Govt of Uttar Pradesh |
| 260 |
_aIndia: _bThe Manager of Publications, _c1965 |
||
| 300 |
_a46p.: _bill., maps, charts, plates; _c27 cm. |
||
| 500 | _aLibrary has 2 Cops. | ||
| 500 | _aAt head of title Census of India, 1961 | ||
| 546 | _aeng | ||
| 650 | 0 |
_aDemography _zIndia _zUttar Pradesh |
|
| 650 | 0 |
_aRural population _zIndia _zUttar Pradesh |
|
| 650 | 0 |
_aCity dwellers _zIndia _zUttar Pradesh |
|
| 651 | 0 |
_aUttar Pradesh(India) _xCensus _y1961 _9131509 |
|
| 651 | 0 |
_aUttar Pradesh(India) _xPopulation _xStatistics _y1961 _9131510 |
|
| 887 | _a | ||
| 901 |
_aI.O.D.44223 _b26/2/66 (1961) v.15 pt.6 no.13 |
||
| 901 |
_aI.O.D.44628 _b30/3/66 (1961) v.15 pt.6 no.13 Cop.2 |
||
| 902 | _aG.P. 312 (54) In 2 | ||
| 906 | _a2967 | ||
| 906 | _a2968 | ||
| 949 |
_AVIRTUAITEM _D10000 _F1 _X100 _6IOD000044223ENG _9v.15 pt.6 no.13 _aGP 312 (54) In2 (1961) v.15 pt.6 no.13 _m54 |
||
| 942 |
_2ddc _cBKS |
||
| 949 |
_AVIRTUAITEM _D10000 _F2 _X100 _6IOD000044628ENG _9v.15 pt.6 no.13 _aGP 312 (54) In2 (1961) v.15 pt.6 no.13 _m54 |
||
| 999 |
_aVIRTUA _c55152 _d55152 |
||
| 999 | _aVTLSSORT0200*5460*9010*9011*9020*9490*9491*9991 | ||